[Event "FIDE World Blitz-ch Women 2018"]
[Site "St. Petersburg"]
[Date "2018.12.30"]
[Round "10.1"]
[White "Lagno, Kateryna"]
[Black "Tan, Zhongyi"]
[Result "1-0"]
[WhiteElo "2560"]
[BlackElo "2508"]
[Annotator "ChessBase"]
[PlyCount "75"]
[EventDate "2018.12.19"]
[EventType "swiss"]
[EventCountry "RUS"]
[SourceTitle "playchess.com"]
[Source "ChessBase"]
[SourceQuality "1"]

1. e4 d6 2. d4 g6 3. Nc3 Bg7 4. Be3 a6 5. Nf3 b5 6. Qd2 Nf6 7. Bh6 O-O 8. Bd3 Nc6 9. a4 b4 10. Nd5 a5 11. O-O Bg4 12. c3 bxc3 13. bxc3 Bxf3 14. gxf3 Bxh6 15. Qxh6 e6 16. Bb5 exd5 17. Bxc6 Rb8 18. Rab1 Rxb1 19. Rxb1 dxe4 20. fxe4 Nh5 21. Qe3 Qh4 22. Qf3 Qg5+ 23. Kh1 f5 24. e5 dxe5 25. dxe5 Qe7 26. e6 Rd8 27. Re1 Nf6 28. h3 Rd6 29. Bb5 Kg7 30. Qe3 c6 31. Bc4 Kg8 32. Qe5 Kg7 33. Rb1 Rd8 34. Ba6 Re8 35. Rb7 Kf8 36. Rxe7 Kxe7 37. Qc7+ Kxe6 38. Bc4+ 1-0

[Event "FIDE World Blitz-ch Women 2018"]
[Site "St. Petersburg"]
[Date "2018.12.30"]
[Round "10.2"]
[White "Lei, Tingjie"]
[Black "Khademalsharieh, Sarasadat"]
[Result "1-0"]
[WhiteElo "2453"]
[BlackElo "2470"]
[Annotator "ChessBase"]
[PlyCount "131"]
[EventDate "2018.12.19"]
[EventType "swiss"]
[EventCountry "RUS"]
[SourceTitle "playchess.com"]
[Source "ChessBase"]
[SourceQuality "1"]

1. e4 e5 2. Nf3 Nc6 3. Bc4 Bc5 4. O-O Nf6 5. d3 a6 6. a4 d6 7. c3 h6 8. Nbd2 O-O 9. h3 Re8 10. Re1 Be6 11. b4 Ba7 12. Nf1 d5 13. exd5 Bxd5 14. Ne3 Bxc4 15. dxc4 e4 16. Nh4 Ne5 17. Nhf5 Bxe3 18. Bxe3 Qc8 19. Ng3 Nxc4 20. Bd4 Qe6 21. Qc2 Rad8 22. Re2 h5 23. Rae1 Nd6 24. Bxf6 Qxf6 25. Nxh5 Qg5 26. Ng3 f5 27. Kh1 Kh7 28. c4 Nf7 29. Kh2 Ne5 30. Rd1 Rxd1 31. Qxd1 Rd8 32. Qc2 Nd3 33. f3 Nf4 34. Re1 exf3 35. gxf3 Nh5 36. Qxf5+ Qxf5 37. Nxf5 Rd2+ 38. Kg1 Rb2 39. b5 Rb4 40. Re4 Rxa4 41. bxa6 bxa6 42. Ne7 Ra1+ 43. Kf2 Ra2+ 44. Ke1 a5 45. Rh4 g6 46. Rg4 Ra1+ 47. Kd2 Ra3 48. Rxg6 Rxf3 49. Rg5 Kh6 50. Rxa5 Rxh3 51. Ng8+ Kg7 52. Ne7 Nf4 53. Nf5+ Kf6 54. Ne3 Rh2+ 55. Kc3 Ne6 56. Nd5+ Kf7 57. Ra7 Rh3+ 58. Kb4 Kg6 59. Ra6 Kf5 60. Rxe6 Rh1 61. Rc6 Rb1+ 62. Kc5 Ke5 63. Rxc7 Ra1 64. Re7+ Kf5 65. Re2 Ra5+ 66. Kb6 1-0

[Event "FIDE World Blitz-ch Women 2018"]
[Site "St. Petersburg"]
[Date "2018.12.30"]
[Round "10.3"]
[White "Ju, Wenjun"]
[Black "Harika, Dronavalli"]
[Result "1/2-1/2"]
[WhiteElo "2575"]
[BlackElo "2494"]
[Annotator "ChessBase"]
[PlyCount "85"]
[EventDate "2018.12.19"]
[EventType "swiss"]
[EventCountry "RUS"]
[SourceTitle "playchess.com"]
[Source "ChessBase"]
[SourceQuality "1"]

1. d4 Nf6 2. c4 g6 3. Nc3 Bg7 4. e4 d6 5. Nge2 O-O 6. Ng3 c6 7. Be2 a6 8. a4 a5 9. O-O Na6 10. Be3 Nb4 11. f4 e5 12. fxe5 dxe5 13. d5 Qe7 14. Qd2 Ng4 15. Bxg4 Bxg4 16. h3 Bd7 17. Rad1 cxd5 18. cxd5 Rfc8 19. Kh2 Qe8 20. b3 b5 21. d6 bxa4 22. bxa4 Rc4 23. Rc1 Rac8 24. Nb5 Rc2 25. Rxc2 Rxc2 26. Qd1 Qe6 27. Rf2 Rxf2 28. Bxf2 h5 29. Be3 Qc4 30. Qc1 Qxc1 31. Bxc1 Bf8 32. Ne2 Bxb5 33. axb5 Bxd6 34. Nc3 Kf8 35. Be3 Ke8 36. Bb6 a4 37. Nxa4 Nd3 38. Nc3 Bc5 39. Bxc5 Nxc5 40. Kg3 Kd7 41. Kf3 Kd6 42. g4 hxg4+ 43. Kxg4 1/2-1/2

[Event "FIDE World Blitz-ch Women 2018"]
[Site "St. Petersburg"]
[Date "2018.12.30"]
[Round "10.4"]
[White "Abdumalik, Zhansaya"]
[Black "Gunina, Valentina"]
[Result "0-1"]
[WhiteElo "2470"]
[BlackElo "2496"]
[Annotator "ChessBase"]
[PlyCount "84"]
[EventDate "2018.12.19"]
[EventType "swiss"]
[EventCountry "RUS"]
[SourceTitle "playchess.com"]
[Source "ChessBase"]
[SourceQuality "1"]

1. e4 c6 2. d4 d5 3. Nd2 dxe4 4. Nxe4 Bf5 5. Ng3 Bg6 6. h4 h6 7. Nh3 e6 8. Nf4 Bh7 9. Be3 Nf6 10. Bd3 Bxd3 11. Qxd3 Nbd7 12. O-O-O Qa5 13. Kb1 O-O-O 14. c4 Bd6 15. Nfe2 Rhe8 16. Qc2 Kb8 17. Rc1 Qc7 18. c5 Bxg3 19. Nxg3 Ka8 20. Rhd1 Nf8 21. Ne4 Nxe4 22. Qxe4 Ng6 23. h5 Ne7 24. Bf4 Qd7 25. g4 Qd5 26. Qe2 f6 27. f3 Qd7 28. Bd6 Nc8 29. Bg3 Qf7 30. Qc2 Rd5 31. Bf2 f5 32. Qe2 e5 33. Re1 e4 34. gxf5 Rxf5 35. Rc3 Re7 36. Re3 Rxf3 37. Bh4 Rxe3 38. Qxe3 Re8 39. Qg3 Qxh5 40. Qf2 e3 41. Qg3 g5 42. Rxe3 Qd1# 0-1

[Event "FIDE World Blitz-ch Women 2018"]
[Site "St. Petersburg"]
[Date "2018.12.30"]
[Round "10.5"]
[White "Mamedjarova, Zeinab"]
[Black "Ushenina, Anna"]
[Result "1-0"]
[WhiteElo "2338"]
[BlackElo "2440"]
[Annotator "NA"]
[PlyCount "125"]
[EventDate "2018.12.19"]
[EventType "swiss"]
[EventCountry "RUS"]
[SourceTitle "playchess.com"]
[Source "ChessBase"]
[SourceQuality "1"]

1. d4 d5 2. Nf3 e6 3. e3 Nf6 4. Bd3 Bd6 5. O-O O-O 6. b3 b6 7. Bb2 Bb7 8. Ne5 c5 9. Nd2 Nc6 10. c4 cxd4 11. exd4 Nb4 12. Bb1 Rc8 13. Re1 Re8 14. a3 Nc6 15. Qf3 Bf8 16. cxd5 Qxd5 17. Ne4 Nxe5 18. dxe5 Nd7 19. Rd1 Qc6 20. Qh3 h6 21. Bd3 Nc5 22. Rac1 Rcd8 23. b4 Rxd3 24. Nf6+ gxf6 25. Qg4+ Kh8 26. Rxd3 Qe4 27. Qxe4 Nxe4 28. Rd7 Bd5 29. f3 Ng5 30. h4 Nh7 31. exf6 e5 32. Rxd5 e4 33. fxe4 Rxe4 34. Rd7 Kg8 35. Rc8 Rxh4 36. Rxa7 Re4 37. b5 h5 38. a4 Ng5 39. Raa8 Ne6 40. a5 bxa5 41. b6 Rb4 42. Ba3 Rxb6 43. Bxf8 Kh7 44. Bg7 Kg6 45. Rg8 Rb5 46. Bf8+ Kf5 47. Be7 Nd4 48. Rh8 Ke4 49. Rhb8 Rg5 50. Rb1 Nf3+ 51. Kf2 Ne5 52. Re1+ Kd4 53. Rd1+ Ke4 54. Rad8 Ng4+ 55. Kg1 Rb5 56. Rf8 a4 57. Rxf7 Rb2 58. Ba3 Ra2 59. Re7+ Kf5 60. f7 Nf6 61. f8=Q Rxa3 62. Rf1+ Kg4 63. Qxf6 1-0

[Event "FIDE World Blitz-ch Women 2018"]
[Site "St. Petersburg"]
[Date "2018.12.30"]
[Round "10.6"]
[White "Cramling, Pia"]
[Black "Arabidze, Meri"]
[Result "1-0"]
[WhiteElo "2465"]
[BlackElo "2387"]
[Annotator "ChessBase"]
[PlyCount "91"]
[EventDate "2018.12.19"]
[EventType "swiss"]
[EventCountry "RUS"]
[SourceTitle "playchess.com"]
[Source "ChessBase"]
[SourceQuality "1"]

1. Nf3 d5 2. d4 Nf6 3. c4 e6 4. g3 Bb4+ 5. Bd2 Be7 6. Bg2 O-O 7. O-O Nbd7 8. Qc2 Ne4 9. Nc3 Nxd2 10. Nxd2 c6 11. Rad1 f5 12. f4 Nf6 13. e3 b6 14. Nf3 Bb7 15. cxd5 cxd5 16. Ne5 Rc8 17. Rc1 Ne4 18. Qa4 a6 19. Qd7 Qxd7 20. Nxd7 Rfd8 21. Nxb6 Rc6 22. Nba4 Rdc8 23. Rfd1 Nxc3 24. Rxc3 Rxc3 25. Nxc3 Bb4 26. Rc1 Kf7 27. Bf1 Ke7 28. Bd3 Kd6 29. Kf2 h6 30. Ne2 Rxc1 31. Nxc1 Ba5 32. a3 Bb6 33. b4 g5 34. Nb3 g4 35. Nc5 Bxc5 36. dxc5+ Kc6 37. Ke2 a5 38. Kd2 axb4 39. axb4 Kd7 40. Kc3 Bc6 41. b5 Ba8 42. Kd4 Ke7 43. Ke5 Bb7 44. c6 Ba8 45. Bc2 h5 46. Ba4 1-0

[Event "FIDE World Blitz-ch Women 2018"]
[Site "St. Petersburg"]
[Date "2018.12.30"]
[Round "10.7"]
[White "Guichard, Pauline"]
[Black "Garifullina, Leya"]
[Result "0-1"]
[WhiteElo "2378"]
[BlackElo "2132"]
[Annotator "NA"]
[PlyCount "102"]
[EventDate "2018.12.19"]
[EventType "swiss"]
[EventCountry "RUS"]
[SourceTitle "playchess.com"]
[Source "ChessBase"]
[SourceQuality "1"]

1. d4 Nf6 2. Bf4 d5 3. e3 c5 4. Nf3 Nc6 5. Nbd2 e6 6. c3 Bd6 7. Bg3 O-O 8. Bd3 b6 9. Qe2 Bb7 10. Rd1 Re8 11. Ne5 Qc7 12. f4 Ne7 13. Bh4 Ne4 14. g4 f6 15. Nef3 c4 16. Bb1 b5 17. Nxe4 dxe4 18. Nd2 f5 19. Rg1 Nd5 20. Nf1 Qf7 21. Bf2 Rac8 22. Ng3 Kh8 23. Nh5 g6 24. Ng3 b4 25. Rc1 bxc3 26. bxc3 Ba3 27. Rc2 Bc6 28. Kf1 Ba4 29. Rd2 Nxc3 30. Qe1 Rb8 31. Bc2 Bxc2 32. Rxc2 Rb1 33. Rxc3 Rxe1+ 34. Bxe1 Bb4 35. Rxc4 Bxe1 36. Kxe1 e5 37. Rc2 exf4 38. exf4 Qb7 39. Ne2 Rc8 40. Rxc8+ Qxc8 41. gxf5 Qxf5 42. Kf2 Qa5 43. Ke3 Qxa2 44. Kxe4 Qxe2+ 45. Kd5 a5 46. Rc1 a4 47. Rc8+ Kg7 48. Rc7+ Kh6 49. Ra7 Qc2 50. Ke6 Qe4+ 51. Kf7 Qxd4 0-1

[Event "FIDE World Blitz-ch Women 2018"]
[Site "St. Petersburg"]
[Date "2018.12.30"]
[Round "10.8"]
[White "Koneru, Humpy"]
[Black "Girya, Olga"]
[Result "1-0"]
[WhiteElo "2541"]
[BlackElo "2454"]
[Annotator "ChessBase"]
[PlyCount "63"]
[EventDate "2018.12.19"]
[EventType "swiss"]
[EventCountry "RUS"]
[SourceTitle "playchess.com"]
[Source "ChessBase"]
[SourceQuality "1"]

1. d4 d5 2. c4 c6 3. Nc3 Nf6 4. e3 e6 5. Nf3 Nbd7 6. Qc2 Bd6 7. Bd3 O-O 8. O-O dxc4 9. Bxc4 e5 10. h3 h6 11. Rd1 Qc7 12. b3 Re8 13. Bb2 exd4 14. Nxd4 a6 15. Nf5 Bf8 16. Nxh6+ gxh6 17. Qg6+ Kh8 18. Bxf7 Bg7 19. Bxe8 Ne5 20. Qg3 Nxe8 21. Ne4 Bf5 22. Nd6 Ng6 23. Bxg7+ Nxg7 24. Nxf5 Qxg3 25. Nxg3 Ne5 26. f4 Ng6 27. Rd7 Re8 28. Kf2 h5 29. Rad1 h4 30. Ne2 Nh5 31. Rd8 Rxd8 32. Rxd8+ 1-0

[Event "FIDE World Blitz-ch Women 2018"]
[Site "St. Petersburg"]
[Date "2018.12.30"]
[Round "10.10"]
[White "Goryachkina, Aleksandra"]
[Black "Khotenashvili, Bela"]
[Result "1-0"]
[WhiteElo "2518"]
[BlackElo "2479"]
[Annotator "ChessBase"]
[PlyCount "76"]
[EventDate "2018.12.19"]
[EventType "swiss"]
[EventCountry "RUS"]
[SourceTitle "playchess.com"]
[Source "ChessBase"]
[SourceQuality "1"]

1. e4 c6 2. d4 d5 3. Nd2 dxe4 4. Nxe4 Nf6 5. Nxf6+ exf6 6. c3 Bd6 7. Bd3 O-O 8. Qc2 Re8+ 9. Ne2 h5 10. Be3 Nd7 11. O-O-O Nf8 12. h3 Be6 13. c4 b5 14. c5 Bc7 15. Kb1 a5 16. g4 h4 17. Bf5 Bd5 18. Rhg1 g6 19. Bd3 b4 20. g5 f5 21. Nf4 Bxf4 22. Bxf4 a4 23. Qd2 b3 24. a3 Be4 25. Bxe4 Rxe4 26. Be5 Nd7 27. f3 Nxe5 28. fxe4 Nf3 29. Qg2 Nxg1 30. exf5 Ne2 31. Qxe2 Qxg5 32. fxg6 Qxg6+ 33. Ka1 Rd8 34. Qe3 Kf8 35. Qe5 Rd5 36. Qh8+ Qg8 37. Qxh4 Qg7 38. Qf4 Qg2 1-0

[Event "FIDE World Blitz-ch Women 2018"]
[Site "St. Petersburg"]
[Date "2018.12.30"]
[Round "10.11"]
[White "Galliamova, Alisa"]
[Black "Voit, Daria"]
[Result "1-0"]
[WhiteElo "2444"]
[BlackElo "2358"]
[Annotator "NA"]
[PlyCount "133"]
[EventDate "2018.12.19"]
[EventType "swiss"]
[EventCountry "RUS"]
[SourceTitle "playchess.com"]
[Source "ChessBase"]
[SourceQuality "1"]

1. d4 Nf6 2. Nf3 e6 3. g3 b5 4. Bg2 Bb7 5. Bg5 h6 6. Bxf6 Qxf6 7. a4 b4 8. Nbd2 d5 9. Nb3 Nd7 10. O-O Bd6 11. Na5 Ba6 12. Qd2 Rb8 13. Rfe1 O-O 14. e4 dxe4 15. Rxe4 Nb6 16. Nc6 Nc4 17. Qe1 Rb6 18. Nce5 Bxe5 19. dxe5 Qe7 20. b3 Na5 21. Rd4 c5 22. Rd2 c4 23. Rad1 cxb3 24. Rd7 Qc5 25. cxb3 Nxb3 26. Rxa7 Na5 27. Rc1 Nc4 28. Nd2 b3 29. Rxa6 Rxa6 30. Rxc4 Qa3 31. Bc6 b2 32. Bb5 Rb6 33. Nb1 Qa2 34. Nc3 Qb3 35. Rc7 Rd8 36. Kg2 Rbb8 37. Qe3 b1=Q 38. Nxb1 Qxb1 39. Qf4 Rf8 40. Qc4 Qb2 41. Qc5 Qb1 42. h4 Qe4+ 43. Kh2 Qf3 44. Kg1 Rfd8 45. Bf1 Rb1 46. Rc8 Rxc8 47. Qxc8+ Kh7 48. Qc2+ Qf5 49. Qxf5+ exf5 50. a5 Re1 51. f4 Ra1 52. a6 Ra2 53. Bc4 Ra4 54. Bd3 g6 55. Kf2 Ra3 56. Ke3 Kg7 57. Kd4 f6 58. e6 Kf8 59. Bc4 Ke7 60. Kc5 Rxg3 61. a7 Ra3 62. Kb6 g5 63. hxg5 fxg5 64. fxg5 hxg5 65. Ba6 Rb3+ 66. Kc5 Rc3+ 67. Kb4 1-0

[Event "FIDE World Blitz-ch Women 2018"]
[Site "St. Petersburg"]
[Date "2018.12.30"]
[Round "10.12"]
[White "Bodnaruk, Anastasia"]
[Black "Vo, Thi Kim Phung"]
[Result "1-0"]
[WhiteElo "2420"]
[BlackElo "2352"]
[Annotator "NA"]
[PlyCount "77"]
[EventDate "2018.12.19"]
[EventType "swiss"]
[EventCountry "RUS"]
[SourceTitle "playchess.com"]
[Source "ChessBase"]
[SourceQuality "1"]

1. e4 e6 2. d4 d5 3. Nc3 Nf6 4. e5 Nfd7 5. f4 c5 6. Nf3 Nc6 7. Be3 Be7 8. Qd2 c4 9. Be2 b5 10. a3 a6 11. h4 Nb6 12. h5 Rb8 13. g4 Na4 14. Nd1 a5 15. Kf2 Bd7 16. g5 Qc7 17. Kg2 Na7 18. Qe1 b4 19. axb4 Bxb4 20. c3 Be7 21. Ra2 Rb7 22. g6 f6 23. exf6 Bxf6 24. Ne5 Bxe5 25. fxe5 Kd8 26. h6 gxh6 27. g7 Rg8 28. Bxh6 Be8 29. Qg3 Bg6 30. Rf1 Kd7 31. Rxa4 Qc6 32. Rxa5 Qb6 33. Ra1 Kc6 34. Rf8 Rb8 35. Qf4 Nb5 36. Qf6 Nc7 37. Qe7 Qb3 38. Qc5+ Kd7 39. Qd6# 1-0

[Event "FIDE World Blitz-ch Women 2018"]
[Site "St. Petersburg"]
[Date "2018.12.30"]
[Round "10.13"]
[White "Mirzoeva, Elmira"]
[Black "Dzagnidze, Nana"]
[Result "0-1"]
[WhiteElo "2281"]
[BlackElo "2513"]
[Annotator "ChessBase"]
[PlyCount "79"]
[EventDate "2018.12.19"]
[EventType "swiss"]
[EventCountry "RUS"]
[SourceTitle "playchess.com"]
[Source "ChessBase"]
[SourceQuality "1"]

1. Nf3 c5 2. c4 Nc6 3. g3 g6 4. Bg2 Bg7 5. Nc3 d6 6. e3 Bg4 7. h3 Be6 8. d3 Nf6 9. O-O O-O 10. Ng5 Bd7 11. d4 a6 12. Nf3 Rb8 13. Qe2 e6 14. Rd1 Qe7 15. Kh2 Rfc8 16. b3 cxd4 17. exd4 b5 18. Bf4 bxc4 19. bxc4 Nh5 20. Bg5 Qf8 21. g4 Nf6 22. Bf4 Rb4 23. Rab1 Rxb1 24. Rxb1 Na5 25. Nd2 Ne8 26. Qd3 Bc6 27. Rb6 Bxg2 28. Kxg2 e5 29. dxe5 dxe5 30. Be3 Qe7 31. Nd5 Qd8 32. Rxa6 Nc6 33. Ne4 Nd4 34. Bxd4 exd4 35. Ra7 Ra8 36. Qa3 Rxa7 37. Qxa7 Nd6 38. Ne7+ Kh8 39. Nc6 Qe8 40. Nxd6 0-1

[Event "FIDE World Blitz-ch Women 2018"]
[Site "St. Petersburg"]
[Date "2018.12.30"]
[Round "10.14"]
[White "Maletina, Tatiana"]
[Black "Muzychuk, Anna"]
[Result "1-0"]
[WhiteElo "2270"]
[BlackElo "2569"]
[Annotator "ChessBase"]
[PlyCount "165"]
[EventDate "2018.12.19"]
[EventType "swiss"]
[EventCountry "RUS"]
[SourceTitle "playchess.com"]
[Source "ChessBase"]
[SourceQuality "1"]

1. d4 f5 2. e4 fxe4 3. Nc3 g6 4. Nxe4 d5 5. Ng3 Bg7 6. h4 Nc6 7. c3 e5 8. Bg5 Nge7 9. dxe5 Nxe5 10. h5 Qd6 11. h6 Bf8 12. Nf3 Bg4 13. Be2 Nxf3+ 14. gxf3 Bd7 15. Qd4 Rg8 16. O-O-O Qb6 17. Kb1 Qxd4 18. Rxd4 O-O-O 19. Rhd1 Re8 20. Ka1 c6 21. c4 Nf5 22. Nxf5 Bxf5 23. Bf1 Bc5 24. R4d2 dxc4 25. Bxc4 Rgf8 26. f4 Be7 27. a3 Kc7 28. Rd4 a5 29. R4d2 Bc5 30. Ba2 a4 31. Bb1 Be6 32. Re1 Bd5 33. Rde2 Rxe2 34. Rxe2 Kd7 35. f5 gxf5 36. f4 b5 37. Re5 Be6 38. Rxc5 Bd5 39. Rc1 Be6 40. Re1 Kd6 41. Re5 Rf7 42. Re1 Rf8 43. Ba2 Re8 44. Bxe6 Rxe6 45. Rxe6+ Kxe6 46. Kb1 Kd5 47. Kc2 Kc4 48. Be7 c5 49. Bd6 Kd5 50. Bf8 Kc4 51. Be7 b4 52. axb4 cxb4 53. Bf8 b3+ 54. Kd2 Kd4 55. Ke2 Kc4 56. Ke3 Kd5 57. Kd3 Ke6 58. Kd4 Kf7 59. Ba3 Kg6 60. Bf8 a3 61. Bxa3 Kxh6 62. Ke5 Kg6 63. Be7 Kf7 64. Bh4 Kg6 65. Bd8 h6 66. Be7 Kf7 67. Bh4 Kg6 68. Bd8 Kh5 69. Ba5 Kg4 70. Be1 Kh5 71. Bb4 Kg4 72. Bf8 h5 73. Be7 h4 74. Bxh4 Kxh4 75. Kxf5 Kg3 76. Ke5 Kf3 77. f5 Ke3 78. f6 Kd3 79. f7 Kc2 80. f8=Q Kxb2 81. Kd4 Ka2 82. Kc3 b2 83. Qf2 1-0

[Event "FIDE World Blitz-ch Women 2018"]
[Site "St. Petersburg"]
[Date "2018.12.30"]
[Round "10.15"]
[White "Gaponenko, Inna"]
[Black "Zhao, Xue"]
[Result "1-0"]
[WhiteElo "2420"]
[BlackElo "2485"]
[Annotator "TA"]
[PlyCount "61"]
[EventDate "2018.12.19"]
[EventType "swiss"]
[EventCountry "RUS"]
[SourceTitle "playchess.com"]
[Source "ChessBase"]
[SourceQuality "1"]

1. e4 c5 2. Nf3 g6 3. d4 Bg7 4. Nc3 Nc6 5. Be3 cxd4 6. Nxd4 Nf6 7. Bc4 O-O 8. Bb3 d6 9. f3 a5 10. a4 Bd7 11. h4 Rc8 12. g4 h5 13. gxh5 Nxh5 14. Qd2 Ne5 15. O-O-O Nc4 16. Qd3 Nxe3 17. Qxe3 Kh7 18. Kb1 e6 19. Nde2 Rc6 20. f4 Qb6 21. Qf3 Rfc8 22. f5 Qb4 23. fxg6+ fxg6 24. Rhg1 Rxc3 25. bxc3 Qc5 26. Qg4 Be8 27. Qxe6 Nf6 28. Rg5 Qc7 29. h5 gxh5 30. Rdg1 Bh8 31. Qf5+ 1-0

[Event "FIDE World Blitz-ch Women 2018"]
[Site "St. Petersburg"]
[Date "2018.12.30"]
[Round "10.16"]
[White "Solozhenkina, Elizaveta"]
[Black "Stefanova, Antoaneta"]
[Result "0-1"]
[WhiteElo "2258"]
[BlackElo "2486"]
[Annotator "ChessBase"]
[PlyCount "116"]
[EventDate "2018.12.19"]
[EventType "swiss"]
[EventCountry "RUS"]
[SourceTitle "playchess.com"]
[Source "ChessBase"]
[SourceQuality "1"]

1. Nf3 d5 2. g3 g6 3. Bg2 Bg7 4. d4 Nf6 5. O-O O-O 6. c3 Nbd7 7. a4 c5 8. a5 Re8 9. Bf4 Nh5 10. Bg5 h6 11. Be3 c4 12. b3 b5 13. Nfd2 Nhf6 14. bxc4 bxc4 15. Nxc4 Ba6 16. Ne5 Nxe5 17. dxe5 Ne4 18. Bd4 Qc7 19. f3 Nc5 20. f4 e6 21. Nd2 Rab8 22. Bf3 Rb2 23. Rb1 Reb8 24. Rxb2 Rxb2 25. Qc1 Ra2 26. Re1 Qxa5 27. Nf1 Nb3 28. Qd1 Ra1 29. Qxb3 Rxe1 30. Qb8+ Bf8 31. Kf2 Rc1 32. Ne3 Qb5 33. Qxa7 Rb1 34. h4 Qb7 35. Qxb7 Bxb7 36. h5 Ba6 37. hxg6 fxg6 38. Ng4 h5 39. Nf6+ Kf7 40. Nd7 Be7 41. g4 h4 42. Kg2 Rb2 43. Kf2 Ra2 44. Nb6 Bb5 45. Nc8 Ra8 46. Nxe7 Kxe7 47. Bc5+ Kd7 48. Kg2 Ra2 49. Kf1 h3 50. Bg1 Rc2 51. Bd4 h2 52. Kg2 Bxe2 53. Bxe2 Rxe2+ 54. Kh1 Kc6 55. f5 exf5 56. gxf5 gxf5 57. Ba7 Kb5 58. Bb8 Kc4 0-1

[Event "FIDE World Blitz-ch Women 2018"]
[Site "St. Petersburg"]
[Date "2018.12.30"]
[Round "10.17"]
[White "Paramzina, Anastasya"]
[Black "Buksa, Nataliya"]
[Result "0-1"]
[WhiteElo "2229"]
[BlackElo "2410"]
[Annotator "NA"]
[PlyCount "72"]
[EventDate "2018.12.19"]
[EventType "swiss"]
[EventCountry "RUS"]
[SourceTitle "playchess.com"]
[Source "ChessBase"]
[SourceQuality "1"]

1. e4 c5 2. Nf3 Nc6 3. Bb5 g6 4. Bxc6 bxc6 5. O-O Bg7 6. Re1 Nh6 7. c3 O-O 8. d4 cxd4 9. cxd4 d5 10. e5 f6 11. e6 Qd6 12. Nc3 Bxe6 13. Qe2 Bg4 14. h3 Bxf3 15. Qxf3 e5 16. dxe5 fxe5 17. Qe2 Nf5 18. b3 Rae8 19. a4 Rf7 20. Ba3 Qf6 21. Rad1 e4 22. Na2 Nd4 23. Qb2 Nf3+ 24. gxf3 Qg5+ 25. Kf1 Bxb2 26. Bxb2 Rxf3 27. Nb4 Ref8 28. Bd4 e3 29. Ke2 exf2 30. Rf1 Rxb3 31. Nxc6 Qh4 32. Rxf2 Rxf2+ 33. Bxf2 Rb2+ 34. Kd3 Qxf2 35. Ne5 Qe2+ 36. Kd4 Qxd1+ 0-1

[Event "FIDE World Blitz-ch Women 2018"]
[Site "St. Petersburg"]
[Date "2018.12.30"]
[Round "10.18"]
[White "Munkhzul, Turmunkh"]
[Black "Ambartsumova, Karina"]
[Result "0-1"]
[WhiteElo "2255"]
[BlackElo "2383"]
[Annotator "NA"]
[PlyCount "174"]
[EventDate "2018.12.19"]
[EventType "swiss"]
[EventCountry "RUS"]
[SourceTitle "playchess.com"]
[Source "ChessBase"]
[SourceQuality "1"]

1. d4 Nf6 2. Nf3 g6 3. g3 Bg7 4. Bg2 O-O 5. O-O d6 6. c4 c6 7. Nc3 Bf5 8. Re1 Ne4 9. Nh4 Nxc3 10. bxc3 Be6 11. Qd3 Na6 12. e4 Rb8 13. a4 Qc8 14. Be3 c5 15. d5 Bd7 16. f4 b6 17. Nf3 Nc7 18. Nd2 Re8 19. Rf1 f5 20. Rfe1 a6 21. Nf3 fxe4 22. Qxe4 Bf5 23. Bh3 Bxe4 24. Bxc8 Rbxc8 25. Ng5 Bf5 26. Ra3 Rb8 27. h3 b5 28. axb5 axb5 29. Ra7 Rec8 30. g4 Bd3 31. cxb5 Nxd5 32. Bd2 Bxb5 33. f5 gxf5 34. gxf5 Bd3 35. Ne6 Bxf5 36. Nxg7 Kxg7 37. c4 Nf6 38. Rexe7+ Kg8 39. Rg7+ Kh8 40. Bc3 Rf8 41. Rgf7 Rb1+ 42. Kf2 Rxf7 43. Rxf7 Kg8 44. Rxf6 Bd3 45. Rxd6 Bxc4 46. Rc6 Rb5 47. Be5 Bd5 48. Rc7 c4 49. h4 Ra5 50. Ke3 Be6 51. Kd4 Rd5+ 52. Ke4 Rd1 53. Bc3 Rc1 54. Bd4 Re1+ 55. Kf4 Rd1 56. Ke5 Re1+ 57. Kf6 Bh3 58. Rxc4 Re6+ 59. Kg5 Rg6+ 60. Kf4 Rg4+ 61. Ke5 Rxh4 62. Kf6 Rf4+ 63. Ke5 Rf5+ 64. Kd6 Rg5 65. Bf6 Rg2 66. Ra4 Kf7 67. Bd4 Rd2 68. Ke5 Re2+ 69. Kf4 Be6 70. Ra7+ Kg6 71. Rg7+ Kh6 72. Rg1 Bd5 73. Rg3 Re4+ 74. Kf5 Rxd4 75. Ke5 Rd1 76. Rh3+ Kg7 77. Rg3+ Kf7 78. Rh3 Kg7 79. Rg3+ Kh8 80. Rh3 Bg8 81. Kf6 Rf1+ 82. Kg5 Rf7 83. Ra3 Rg7+ 84. Kh6 Rg6+ 85. Kh5 Kg7 86. Ra7+ Bf7 87. Rc7 Rc6+ 0-1

[Event "FIDE World Blitz-ch Women 2018"]
[Site "St. Petersburg"]
[Date "2018.12.30"]
[Round "10.19"]
[White "Paehtz, Elisabeth"]
[Black "Drozdova, Dina"]
[Result "1/2-1/2"]
[WhiteElo "2487"]
[BlackElo "2178"]
[Annotator "ChessBase"]
[PlyCount "96"]
[EventDate "2018.12.19"]
[EventType "swiss"]
[EventCountry "RUS"]
[SourceTitle "playchess.com"]
[Source "ChessBase"]
[SourceQuality "1"]

1. e4 d6 2. d4 Nf6 3. Nc3 e5 4. Nf3 Nbd7 5. g4 Nxg4 6. Rg1 exd4 7. Qxd4 Nde5 8. Be2 Nxf3+ 9. Bxf3 Ne5 10. Be2 c6 11. Be3 Bd7 12. O-O-O Qc7 13. f4 Ng6 14. h4 h5 15. Rg5 Bg4 16. Bxg4 hxg4 17. h5 Ne7 18. Qc4 f6 19. Rxg4 Rxh5 20. f5 O-O-O 21. Bxa7 b5 22. Qe6+ Kb7 23. Be3 Nc8 24. Kb1 Nb6 25. b3 Nd7 26. Bc1 Ne5 27. Rg2 Qd7 28. Qxd7+ Rxd7 29. Ne2 Rh4 30. Nf4 Kb6 31. Ne6 Be7 32. Re1 Nf3 33. Re3 Ng5 34. Nxg5 fxg5 35. Re1 Bf6 36. Bxg5 Re7 37. Bxf6 gxf6 38. Rge2 Kc5 39. c3 Rh3 40. Kc2 Rg7 41. Rd2 Rgg3 42. b4+ Kb6 43. Rxd6 Rxc3+ 44. Kb2 Rc4 45. a3 Rh2+ 46. Kb3 Rh3+ 47. Kb2 Rh2+ 48. Kb3 Rh3+ 1/2-1/2

[Event "FIDE World Blitz-ch Women 2018"]
[Site "St. Petersburg"]
[Date "2018.12.30"]
[Round "10.40"]
[White "Garcia Martin, Marta"]
[Black "Shvayger, Yuliya"]
[Result "0-1"]
[WhiteElo "2301"]
[BlackElo "2393"]
[Annotator "NA"]
[PlyCount "62"]
[EventDate "2018.12.19"]
[EventType "swiss"]
[EventCountry "RUS"]
[SourceTitle "playchess.com"]
[Source "ChessBase"]
[SourceQuality "1"]

1. e4 c5 2. c3 Nf6 3. e5 Nd5 4. Nf3 Nc6 5. d4 cxd4 6. Bc4 Nb6 7. Bb3 d5 8. exd6 Qxd6 9. O-O Be6 10. Na3 Bxb3 11. Qxb3 e6 12. Nb5 Qb8 13. g3 Bd6 14. Rd1 O-O 15. Nxd6 Qxd6 16. Nxd4 Nxd4 17. Rxd4 Qc6 18. Bg5 h6 19. Be7 Rfe8 20. Ba3 e5 21. Rd6 Qc7 22. Rad1 e4 23. Qb5 Rac8 24. Qe2 Nc4 25. Rd7 Qc6 26. Qh5 Ne5 27. R7d6 Qc4 28. Kg2 e3 29. f3 e2 30. Re1 Nd3 31. Rd7 Nxe1+ 0-1